| 000 | 00694nam a22002411 4500 | ||
|---|---|---|---|
| 001 | 18571 | ||
| 003 | BD-RjUL | ||
| 005 | 20211209000314.0 | ||
| 008 | 140220s1952 enk 000 1 eng | ||
| 035 | _a(BD-RjUL)18629 | ||
| 035 | _a(OCoLC)307839 | ||
| 040 |
_aDLC _cOYU _dBD-RjUL _beng |
||
| 041 | _aeng | ||
| 082 | 0 | 4 |
_a822.33 _bSHF 1952 |
| 100 | 1 |
_aShakespeare, William _d1564-1616. _957210 |
|
| 245 | 1 | 4 |
_aThe first part of King Henry VI / _cWilliam Shakespeare |
| 260 |
_aCambridge : _bUniversity Press, _c1952. |
||
| 300 |
_alvi, 222 p. ; _c18 cm. |
||
| 600 | 0 | 0 |
_aHenry _cKing of England, _d1421-1471 _xDrama. _958703 |
| 942 |
_2ddc _cBK |
||
| 999 |
_c18571 _d18571 |
||